Carte du monde avec des pays fusionnés aléatoirement - Statistiques

Statistiques générales
  • Ce quiz a été pris 66 fois
    59 depuis la dernière actualisation
  • Le résultat moyen est 17 sur 20
Réponses sur la Carte
Les réponses sont colorées sur une échelle allant du rouge au vert en fonction du pourcentage des utilisateurs qui les ont devinées à leur premier essai. Vous pouvez retrouver ces pourcentages ci-dessous.
 
Statistiques - réponses
Group Name Country % Correct
Merged Countries Afghanistan
100%
Merged Countries Afghanistan
100%
Merged Countries Afghanistan
100%
Merged Countries Afrique du Sud
100%
Merged Countries Albanie
100%
Merged Countries Albanie
100%
Merged Countries Algérie
100%
Merged Countries Algérie
100%
Merged Countries Algérie
100%
Merged Countries Allemagne
100%
Merged Countries Allemagne
100%
Merged Countries Allemagne
100%
Merged Countries Allemagne
100%
Merged Countries Angola
100%
Merged Countries Angola
100%
Merged Countries Angola
100%
Merged Countries Arabie Saoudite
100%
Merged Countries Arabie Saoudite
100%
Merged Countries Arabie Saoudite
100%
Merged Countries Argentine
100%
Merged Countries Argentine
100%
Merged Countries Argentine
100%
Merged Countries Argentine
100%
Merged Countries Argentine
100%
Merged Countries Autriche
100%
Merged Countries Autriche
100%
Merged Countries Autriche
100%
Merged Countries Azerbaïdjan
100%
Merged Countries Azerbaïdjan
100%
Merged Countries Bangladesh
100%
Merged Countries Bhoutan
100%
Merged Countries Biélorussie
100%
Merged Countries Biélorussie
100%
Merged Countries Biélorussie
100%
Merged Countries Bolivie
100%
Merged Countries Bolivie
100%
Merged Countries Bolivie
100%
Merged Countries Bosnie-Herzégovine
100%
Merged Countries Brésil
100%
Merged Countries Brésil
100%
Merged Countries Brésil
100%
Merged Countries Brésil
100%
Merged Countries Brésil
100%
Merged Countries Brésil
100%
Merged Countries Brésil
100%
Merged Countries Brésil
100%
Merged Countries Bulgarie
100%
Merged Countries Bulgarie
100%
Merged Countries Burkina Faso
100%
Merged Countries Burkina Faso
100%
Merged Countries Burkina Faso
100%
Merged Countries Cambodge
100%
Merged Countries Cameroun
100%
Merged Countries Chili
100%
Merged Countries Chine
100%
Merged Countries Chine
100%
Merged Countries Chine
100%
Merged Countries Chine
100%
Merged Countries Chine
100%
Merged Countries Chine
100%
Merged Countries Chine
100%
Merged Countries Chine
100%
Merged Countries Chine
100%
Merged Countries Chine
100%
Merged Countries Colombie
100%
Merged Countries Colombie
100%
Merged Countries Colombie
100%
Merged Countries Corée du Nord
100%
Merged Countries Corée du Nord
100%
Merged Countries Corée du Sud
100%
Merged Countries Côte d'Ivoire
100%
Merged Countries Côte d'Ivoire
100%
Merged Countries Côte d'Ivoire
100%
Merged Countries Croatie
100%
Merged Countries Croatie
100%
Merged Countries Égypte
100%
Merged Countries Emirats Arabes Unis
100%
Merged Countries Equateur
100%
Merged Countries Erythrée
100%
Merged Countries Espagne
100%
Merged Countries Espagne
100%
Merged Countries Estonie
100%
Merged Countries États-Unis
100%
Merged Countries Ethiopie
100%
Merged Countries Ethiopie
100%
Merged Countries Ethiopie
100%
Merged Countries Ethiopie
100%
Merged Countries Finlande
100%
Merged Countries Finlande
100%
Merged Countries Finlande
100%
Merged Countries France
100%
Merged Countries France
100%
Merged Countries France
100%
Merged Countries France
100%
Merged Countries Géorgie
100%
Merged Countries Grèce
100%
Merged Countries Grèce
100%
Merged Countries Guatemala
100%
Merged Countries Guinée
100%
Merged Countries Guinée
100%
Merged Countries Guyana
100%
Merged Countries Honduras
100%
Merged Countries Hongrie
100%
Merged Countries Hongrie
100%
Merged Countries Hongrie
100%
Merged Countries Hongrie
100%
Merged Countries Inde
100%
Merged Countries Inde
100%
Merged Countries Inde
100%
Merged Countries Inde
100%
Merged Countries Irak
100%
Merged Countries Irak
100%
Merged Countries Iran
100%
Merged Countries Iran
100%
Merged Countries Iran
100%
Merged Countries Iran
100%
Merged Countries Irlande
100%
Merged Countries Italie
100%
Merged Countries Italie
100%
Merged Countries Jordanie
100%
Merged Countries Jordanie
100%
Merged Countries Kazakhstan
100%
Merged Countries Kazakhstan
100%
Merged Countries Kazakhstan
100%
Merged Countries Kénya
100%
Merged Countries Kénya
100%
Merged Countries Kirghizistan
100%
Merged Countries Laos
100%
Merged Countries Laos
100%
Merged Countries Laos
100%
Merged Countries Lettonie
100%
Merged Countries Lettonie
100%
Merged Countries Liberia
100%
Merged Countries Libye
100%
Merged Countries Libye
100%
Merged Countries Lituanie
100%
Merged Countries Lituanie
100%
Merged Countries Macédoine du Nord
100%
Merged Countries Macédoine du Nord
100%
Merged Countries Malawi
100%
Merged Countries Mali
100%
Merged Countries Mali
100%
Merged Countries Mali
100%
Merged Countries Mali
100%
Merged Countries Mali
100%
Merged Countries Mali
100%
Merged Countries Maroc
100%
Merged Countries Maroc
100%
Merged Countries Mauritanie
100%
Merged Countries Mauritanie
100%
Merged Countries Mauritanie
100%
Merged Countries Mexique
100%
Merged Countries Mexique
100%
Merged Countries Moldavie
100%
Merged Countries Mongolie
100%
Merged Countries Mozambique
100%
Merged Countries Mozambique
100%
Merged Countries Mozambique
100%
Merged Countries Myanmar
100%
Merged Countries Myanmar
100%
Merged Countries Namibie
100%
Merged Countries Namibie
100%
Merged Countries Népal
100%
Merged Countries Nicaragua
100%
Merged Countries Niger
100%
Merged Countries Niger
100%
Merged Countries Niger
100%
Merged Countries Niger
100%
Merged Countries Niger
100%
Merged Countries Niger
100%
Merged Countries Nigéria
100%
Merged Countries Norvège
100%
Merged Countries Norvège
100%
Merged Countries Oman
100%
Merged Countries Oman
100%
Merged Countries Ouganda
100%
Merged Countries Ouzbékistan
100%
Merged Countries Pakistan
100%
Merged Countries Pakistan
100%
Merged Countries Paraguay
100%
Merged Countries Paraguay
100%
Merged Countries Pérou
100%
Merged Countries Pérou
100%
Merged Countries Pologne
100%
Merged Countries Pologne
100%
Merged Countries Pologne
100%
Merged Countries Pologne
100%
Merged Countries Pologne
100%
Merged Countries Portugal
100%
Merged Countries République Centrafricaine
100%
Merged Countries République Centrafricaine
100%
Merged Countries République Centrafricaine
100%
Merged Countries République Centrafricaine
100%
Merged Countries République Centrafricaine
100%
Merged Countries République Démocratique du Congo
100%
Merged Countries République Démocratique du Congo
100%
Merged Countries République Démocratique du Congo
100%
Merged Countries République Démocratique du Congo
100%
Merged Countries République Démocratique du Congo
100%
Merged Countries République Démocratique du Congo
100%
Merged Countries République du Congo
100%
Merged Countries République du Congo
100%
Merged Countries République du Congo
100%
Merged Countries République Tchèque
100%
Merged Countries République Tchèque
100%
Merged Countries Roumanie
100%
Merged Countries Roumanie
100%
Merged Countries Roumanie
100%
Merged Countries Roumanie
100%
Merged Countries Roumanie
100%
Merged Countries Royaume-Uni
100%
Merged Countries Russie
100%
Merged Countries Russie
100%
Merged Countries Russie
100%
Merged Countries Russie
100%
Merged Countries Russie
100%
Merged Countries Russie
100%
Merged Countries Russie
100%
Merged Countries Russie
100%
Merged Countries Russie
100%
Merged Countries Sénégal
100%
Merged Countries Sénégal
100%
Merged Countries Serbie
100%
Merged Countries Serbie
100%
Merged Countries Slovaquie
100%
Merged Countries Slovaquie
100%
Merged Countries Slovaquie
100%
Merged Countries Slovénie
100%
Merged Countries Somalie
100%
Merged Countries Somalie
100%
Merged Countries Soudan
100%
Merged Countries Soudan
100%
Merged Countries Soudan
100%
Merged Countries Soudan
100%
Merged Countries Soudan
100%
Merged Countries Soudan
100%
Merged Countries Soudan du Sud
100%
Merged Countries Soudan du Sud
100%
Merged Countries Soudan du Sud
100%
Merged Countries Soudan du Sud
100%
Merged Countries Suède
100%
Merged Countries Suède
100%
Merged Countries Suisse
100%
Merged Countries Suisse
100%
Merged Countries Suisse
100%
Merged Countries Suriname
100%
Merged Countries Syrie
100%
Merged Countries Syrie
100%
Merged Countries Tadjikistan
100%
Merged Countries Tadjikistan
100%
Merged Countries Tanzanie
100%
Merged Countries Tchad
100%
Merged Countries Tchad
100%
Merged Countries Tchad
100%
Merged Countries Tchad
100%
Merged Countries Thaïlande
100%
Merged Countries Turkménistan
100%
Merged Countries Turkménistan
100%
Merged Countries Turquie
100%
Merged Countries Turquie
100%
Merged Countries Turquie
100%
Merged Countries Ukraine
100%
Merged Countries Ukraine
100%
Merged Countries Ukraine
100%
Merged Countries Uruguay
100%
Merged Countries Uruguay
100%
Merged Countries Vénézuela
100%
Merged Countries Viêt-Nam
100%
Merged Countries Yemen
100%
Merged Countries Zambie
100%
Merged Countries Zambie
100%
Merged Countries Équateur
80%
Merged Countries Kirghizistan
80%
Merged Countries Libye
80%
Merged Countries Oman
80%
Merged Countries Pérou
80%
Merged Countries Tunisie
80%
Merged Countries Yémen
80%
Merged Countries Zambie
80%
Merged Countries Arménie
75%
Merged Countries Belgique
75%
Merged Countries Bénin
75%
Merged Countries Chine
75%
Merged Countries France
75%
Merged Countries Kazakhstan
75%
Merged Countries Nigéria
75%
Merged Countries Turquie
75%
Merged Countries Afrique du Sud
67%
Merged Countries Allemagne
67%
Merged Countries Biélorussie
67%
Merged Countries Burkina Faso
67%
Merged Countries Cambodge
67%
Merged Countries Côte d'Ivoire
67%
Merged Countries Estonie
67%
Merged Countries Ethiopie
67%
Merged Countries Géorgie
67%
Merged Countries Ghana
67%
Merged Countries Irak
67%
Merged Countries Lettonie
67%
Merged Countries Libéria
67%
Merged Countries Mongolie
67%
Merged Countries Mozambique
67%
Merged Countries Ouzbékistan
67%
Merged Countries République Tchèque
67%
Merged Countries Thaïlande
67%
Merged Countries Turkménistan
67%
Merged Countries Turquie
67%
Merged Countries Cameroun
60%
Merged Countries Nigéria
60%
Merged Countries Afghanistan
50%
Merged Countries Afrique du Sud
50%
Merged Countries Afrique du Sud
50%
Merged Countries Algérie
50%
Merged Countries Arabie Saoudite
50%
Merged Countries Bolivie
50%
Merged Countries Botswana
50%
Merged Countries Cameroun
50%
Merged Countries Cameroun
50%
Merged Countries Chili
50%
Merged Countries Ghana
50%
Merged Countries Guyana
50%
Merged Countries Kénya
50%
Merged Countries Lesotho
50%
Merged Countries Mauritanie
50%
Merged Countries Namibie
50%
Merged Countries Ouzbékistan
50%
Merged Countries Pakistan
50%
Merged Countries République Centrafricaine
50%
Merged Countries Suriname
50%
Merged Countries Tadjikistan
50%
Merged Countries Tanzanie
50%
Merged Countries Togo
50%
Merged Countries Ukraine
50%
Merged Countries Cambodge
33%
Merged Countries Haïti
33%
Merged Countries Indonésie
33%
Merged Countries Laos
33%
Merged Countries Malaisie
33%
Merged Countries Papouasie-Nouvelle-Guinée
33%
Merged Countries République Dominicaine
33%
Merged Countries Thaïlande
33%
Merged Countries Algérie
0%
Merged Countries Algérie
0%
Merged Countries Allemagne
0%
Merged Countries Arabie Saoudite
0%
Merged Countries Autriche
0%
Merged Countries Autriche
0%
Merged Countries Belgique
0%
Merged Countries Bénin
0%
Merged Countries Bhoutan
0%
Merged Countries Biélorussie
0%
Merged Countries Bolivie
0%
Merged Countries Bosnie-Herzégovine
0%
Merged Countries Botswana
0%
Merged Countries Botswana
0%
Merged Countries Brésil
0%
Merged Countries Canada
0%
Merged Countries Chine
0%
Merged Countries Chine
0%
Merged Countries Colombie
0%
Merged Countries Côte d'Ivoire
0%
Merged Countries Égypte
0%
Merged Countries Emirats Arabes Unis
0%
Merged Countries Erythrée
0%
Merged Countries États-Unis
0%
Merged Countries Gabon
0%
Merged Countries Ghana
0%
Merged Countries Guatemala
0%
Merged Countries Guinée
0%
Merged Countries Guinée
0%
Merged Countries Guinée
0%
Merged Countries Guyana
0%
Merged Countries Honduras
0%
Merged Countries Inde
0%
Merged Countries Inde
0%
Merged Countries Indonésie
0%
Merged Countries Irak
0%
Merged Countries Irak
0%
Merged Countries Iran
0%
Merged Countries Iran
0%
Merged Countries Italie
0%
Merged Countries Jordanie
0%
Merged Countries Kénya
0%
Merged Countries Kirghizistan
0%
Merged Countries Laos
0%
Merged Countries Lettonie
0%
Merged Countries Libéria
0%
Merged Countries Libye
0%
Merged Countries Libye
0%
Merged Countries Libye
0%
Merged Countries Malaisie
0%
Merged Countries Mali
0%
Merged Countries Moldavie
0%
Merged Countries Mozambique
0%
Merged Countries Myanmar
0%
Merged Countries Myanmar
0%
Merged Countries Népal
0%
Merged Countries Ouganda
0%
Merged Countries Ouganda
0%
Merged Countries Pakistan
0%
Merged Countries Paraguay
0%
Merged Countries Pays-Bas
0%
Merged Countries Pays-Bas
0%
Merged Countries Pérou
0%
Merged Countries République du Congo
0%
Merged Countries République Tchèque
0%
Merged Countries Russie
0%
Merged Countries Sénégal
0%
Merged Countries Serbie
0%
Merged Countries Sierra Leone
0%
Merged Countries Sierra Leone
0%
Merged Countries Soudan
0%
Merged Countries Soudan du Sud
0%
Merged Countries Syrie
0%
Merged Countries Tadjikistan
0%
Merged Countries Tchad
0%
Merged Countries Thaïlande
0%
Merged Countries Togo
0%
Merged Countries Tunisie
0%
Merged Countries Ukraine
0%
Merged Countries Vénézuela
0%
Merged Countries Vénézuela
0%
Merged Countries Viêt-Nam
0%
Merged Countries Viêt-Nam
0%
Merged Countries Zambie
0%
Merged Countries Zimbabwé
0%
Merged Countries Zimbabwé
0%
Merged Countries Zimbabwé
0%
Aucun quiz correspondant
Distribution des résultats
% des personnes avec chaque résultat
Percentile par nombre de réponses
Votre historique - résultats
Vous n’avez pas pris ce quiz depuis la dernière actualisation